Name The Indian Sweet by Picture - Statistics

General Stats
  • This quiz has been taken 32 times
  • The average score is 7 of 16
Answer Stats
Picture Answer % Correct
Gulaabjamun
96%
Jalebi
96%
Rasgulla
81%
Rasmalai
56%
Soan Papdi
56%
Laddu
48%
Kaju Katli
41%
Kheer
37%
Gajar ka Halwa
33%
Ghevar
26%
Gujiya
22%
Kalakand
22%
Modak
22%
Balushahi
19%
Mysore Pak
19%
Peda
11%
No matching quizzes found
Score Distribution
Percent of People with Each Score
Percentile by Number Answered
Your Score History
You have not taken this quiz